000 00409pab a2200133 454500
008 180718b xxu||||| |||| 00| 0 eng d
100 _aDavies Morton R.
245 _aLeadership style and organisational climate: the nature of their relationship
362 _a40(1) Jan-Mar 1994, p.21-33
650 _a Organisation
650 _aLeadership
773 _aIndian Journal of Public Administration
909 _a27415
999 _c27415
_d27415